CABE conflicts of interest report published (Record no. 117536)
[ view plain ]
| 000 -LEADER | |
|---|---|
| fixed length control field | 01272cam a2200193 4500 |
| 001 - CONTROL NUMBER | |
| control field | WB4023-03 |
| 008 - FIXED-LENGTH DATA ELEMENTS--GENERAL INFORMATION | |
| fixed length control field | 040617n2004 000 0 eng u |
| 035 ## - SYSTEM CONTROL NUMBER | |
| System control number | (Sirsi) u126501 |
| 245 ## - TITLE STATEMENT | |
| Title | CABE conflicts of interest report published |
| 260 ## - PUBLICATION, DISTRIBUTION, ETC. | |
| Date of publication, distribution, etc. | 2004 |
| 490 ## - SERIES STATEMENT | |
| Series statement | DCMS News Release |
| Volume/sequential designation | (076/04) 17 June 2004 (3) |
| 520 ## - SUMMARY, ETC. | |
| Summary, etc. | An independent report into conflicts of interest at CABE has been published. It found that CABE has developed a significant reputation and has taken reasonable steps to ensure it complies with Nolan principles. The DCMS and CABE have accepted the recommendations which include a review of the make-up of the CABE Board by DCMS to ensure a balance of experts, the Audit Committee to formally consider CABE's register interests twice a year and induction and training for Commissioners to be strengthened to ensure the Nolan principles are understood. The report is available on the DCMS website http://www.culture.gov.uk. http://www.culture.gov.uk/global/press_notices/arc hive_2004/dcms076_04.htm?month=June&properties=arc hive%5F2004%2C%2Fglobal%2Fpress%5Fnotices%2Farchiv e%5F2004%2F%2C |
| 590 ## - LOCAL NOTE (RLIN) | |
| Local note | WB |
| 590 ## - LOCAL NOTE (RLIN) | |
| Local note | WB |
| 650 ## - SUBJECT ADDED ENTRY--TOPICAL TERM | |
| Topical term or geographic name entry element | CONFLICTS OF INTEREST |
| 650 ## - SUBJECT ADDED ENTRY--TOPICAL TERM | |
| Topical term or geographic name entry element | NOLAN REPORT |
| 690 ## - LOCAL SUBJECT ADDED ENTRY--TOPICAL TERM (OCLC, RLIN) | |
| Topical term or geographic name as entry element | BUILDING CONSERVATION |
| 942 ## - ADDED ENTRY ELEMENTS (KOHA) | |
| Suppress in OPAC | 0 |
| Withdrawn status | Lost status | Source of classification or shelving scheme | Damaged status | Not for loan | Home library | Current library | Shelving location | Date acquired | Total Checkouts | Full call number | Barcode | Date last seen | Copy number | Price effective from | Koha item type |
|---|---|---|---|---|---|---|---|---|---|---|---|---|---|---|---|
| Dewey Decimal Classification | London | London | News article | 17/06/2004 | WB4023-03 | 126501-1001 | 06/08/2019 | 1 | 06/08/2019 | News article |